When I Was Older - Billie Eilish - Statistiken

Allgemein
  • Dieses Quiz wurde 35 mal gespielt
  • Das Durchschnittsergebnis liegt bei 149 aus 242
Antwortstatistiken
Antwort % Korrekt
a
100%
an
100%
I
100%
older
100%
on
100%
was
100%
When
100%
And
92%
and
92%
back
83%
be
83%
I'm
83%
my
83%
my,
83%
open
83%
sea
83%
see
83%
the
83%
then
83%
do
75%
ever
75%
it
75%
now
75%
sailor
75%
we
75%
We
75%
you
75%
you,
75%
But
67%
Can
67%
in
67%
In
67%
is
67%
Like
67%
like
67%
skin
67%
than
67%
to
67%
again
58%
all
58%
black
58%
never
58%
of
58%
paler
58%
should
58%
this
58%
underwater
58%
any
50%
movies
50%
watching
50%
Where
50%
white,
50%
after
42%
been
42%
Been
42%
better
42%
Dreaming
42%
ends
42%
Even
42%
for
42%
over
42%
pretend?
42%
remain
42%
anybody
33%
bend
33%
best
33%
breaks
33%
don't
33%
friends
33%
goin'
33%
Guess
33%
It's
33%
I've
33%
middle
33%
place
33%
Seen
33%
time
33%
Before
25%
bends
25%
burn
25%
caught
25%
fire
25%
forest
25%
funeral
25%
got
25%
Hmm
25%
know
25%
Memories
25%
more
25%
overdue
25%
seeming
25%
blood,
17%
blood
17%
far
17%
half
17%
Heavy
17%
how
17%
lonely
17%
new
17%
Nobody
17%
own
17%
rain
17%
right
17%
sympathize
17%
taught,
17%
turns
17%
whether
17%
Yes
17%
bad
8%
endeavors
8%
eyes,
8%
flood
8%
guys
8%
limelight
8%
little
8%
mud
8%
pyre
8%
really
8%
still
8%
victim
8%
villain
8%
with
8%
yeah
8%
You'd
8%
Keine übereinstimmenden Quizze gefunden
Verteilung der Resultate
Anzahl Personen mit jedem Resultat
Perzentil nach korrekt beantworteten Fragen
Ihre Resultats-Entwicklung
Sie haben dieses Quiz noch nicht gespielt